Correspondencia alemana de la guerra : (Record no. 185048)

MARC details
000 -LEADER
campo de control de longitud fija 00777nas a2200169 i 4500
001 - NÚMERO DE CONTROL
campo de control 185048
003 - IDENTIFICADOR DE NÚMERO DE CONTROL
campo de control ES-MaACL
005 - FECHA Y HORA DE LA ÚLTIMA TRANSACCIÓN
campo de control 20250217134917.0
008 - DATOS DE LONGITUD FIJA--INFORMACIÓN GENERAL
campo de control de longitud fija 160309d19141918sp | | |spa d
245 00 - MENCIÓN DEL TÍTULO
Título Correspondencia alemana de la guerra :
Resto del título se publica todos los días, además de los telegramas oficiales del teatro de operaciones, un resumen de los artículos de fondo y otros de general interés de la prensa diaria de Alemania, Austria-Hungría y de Turquía.
260 ## - PUBLICACIÓN, DISTRIBUCIÓN, ETC.
Lugar de publicación, distribución, etc. Barcelona :
Nombre del editor, distribuidor, etc. Servicio Alemán de Información,
Fecha de publicación, distribución, etc. [1914-1918?]
300 ## - DESCRIPCIÓN FÍSICA
Extensión 1 v. ;
Dimensiones 28 cm.
650 #4 - PUNTO DE ACCESO ADICIONAL DE MATERIA--TÉRMINO DE MATERIA
Término de materia o nombre geográfico como elemento de entrada Guerra mundial, 1914-1918.
9 (RLIN) 13212
852 4# - LOCALIZACIÓN
Ubicación ES-MaACL
Número de control de estantería 1528-F-20
Encuadernación - N. suelto aparecido dentro del folleto 1528-F-13
866 #0 - MENCIÓN TEXTUAL DE FONDOS--UNIDAD BIBLIOGRÁFICA BÁSICA
Fondos 3 de agosto de 1916
Holdings
Estatus retirado Estado de pérdida Estado de daño No para préstamo Colección Biblioteca de origen Biblioteca actual Ubicación en estantería Fecha de adquisición Fuente de adquisición Total de préstamos Signatura topográfica completa Código de barras Visto por última vez Precio de reemplazo Tipo de ítem Koha
        Colección de folletos Biblioteca del Ateneo de Madrid Biblioteca del Ateneo de Madrid Depósito folletos 09/03/2016     1528-F-20 1194911 23/02/2023 23/02/2023 Folleto